00376nam a2200133 a 450000500170000000800410001702000220005805000220008010000180010224500620012026000380018230000090022065000130022920140412111223.0091207s19uu xx 00 eng d a978-1-84696-932-4 aM 597.9bP54 2006 aPhillips, Dee aMy First book of Reptiles and Amphibians /cDee Phillips. aPhilippines :bWS Pacific,c2008. a96p. aReptiles